Statistiques concernant Incollable #51 - Loisir

Cliquez ici pour prendre le quiz!

Statistiques générales

  • Ce quiz a été pris 253 fois
  • Le résultat moyen est 7 sur 12

Statistiques - réponses

NiveauxQuestionsRéponses% Correct
CE1Comment s’appelle le sorcier ennemi des Schtroumpfs ?Gargamel
95%
CPComment appelle-t-on la « robe » des danseuses classique ?Le tutu
94%
CE2Mon premier sert à coudre.
Mon second est le cri de la vache.
On regarde mon tout au cinéma.
Film (film-meuh)
90%
CM2Quel sport pratique Harry Potter sur son balais ?Le Quidditch
78%
CollègeQuel genre musical est né au début du XXème siècle à La
Nouvelle-Orléans ?
Le Jazz
72%
CollègeDans le Seigneur des Anneaux, comment s’appelle le magicien ?Gandalf
67%
CM2Qui Spiderman combat-il dans le premier film ?Le bouffon vert
57%
CPComment s’appelle le Schtroumpf qui n’est jamais content ?Grognon
55%
LycéeQuel est l’autre nom de la note de musique do ?Ut
45%
CM1Quel petit héros de Sempé et Goscinny fait ses début au cinéma en 2009 ?Le Petit Nicolas
34%
CE2Dans le conte de Pierre Gripari paru en 1967, qui habite rue Mouffetard ?La sorcière
23%
LycéeQuelle actrice française interprète Shosanna Dreyfus dans Inglourious Basterds, film de Quentin Tarantino sorti en 2009 ?Mélanie Laurent
21%

Distribution des résultats

Percentile par nombre de réponses

% des personnes avec chaque résultat

Votre développement - résultats

Vous n’avez pas pris ce quiz